| 000 | 00380nam a2200157Ia 4500 | ||
|---|---|---|---|
| 008 | 230917s9999||||xx |||||||||||||| ||und|| | ||
| 040 |
_e101321 _aMAIN |
||
| 041 | _aEnglish | ||
| 082 | _a954.01 D 569 W | ||
| 100 | _aDikshitar, V R Ramchandra | ||
| 245 | 0 | _aWar in ancient India | |
| 250 | _a2nd ed. | ||
| 260 |
_aDelhi _bMotilal _c1987 |
||
| 300 | _axv, 419 p. | ||
| 942 | _cBK | ||
| 999 |
_c121968 _d121968 |
||